00221nam a2200097Ia 4500008004100000100001500041245003700056260001400093300000800107650000800115191201s2019 xx 000 0 und d aKAUL, Asha 0aEffective Business Communication bPHIc2019 a235 aBBA